| 000 | 01570cam a2200469 cc4500 | ||
|---|---|---|---|
| 001 | 1048706605 | ||
| 003 | DE-627 | ||
| 005 | 20260212130624.0 | ||
| 007 | tu | ||
| 008 | 190207s2019 gw ||||| 6 00| ||ger c | ||
| 015 |
_a19,N06 _2dnb |
||
| 016 | 7 |
_a1176833200 _2DE-101 |
|
| 020 | _a9783963583742 | ||
| 024 | 3 | _a9783963582417 | |
| 035 | _a(DE-627)1048706605 | ||
| 035 | _a(DE-599)DNB1176833200 | ||
| 035 | _a(OCoLC)1105132424 | ||
| 040 |
_aDE-627 _bger _cDE-627 _erda |
||
| 041 |
_ager _hjpn |
||
| 044 | _cXA-DE-HH | ||
| 082 | 0 | 4 |
_a741.5 _qDE-101 |
| 084 |
_a5.2 _2asb |
||
| 084 |
_a5.2 _2ssd |
||
| 084 |
_a5.2 Comic _2sfb |
||
| 084 |
_aR 70 Ju _2kab |
||
| 100 | 1 |
_aHagino, Makoto _eVerfasserIn _eKünstlerIn _0(DE-588)1189174251 _0(DE-627)1667908391 _4aut _4art |
|
| 245 | 1 | 4 |
_aEin tropischer Fisch sehnt sich nach Schnee _n3 _cMakoto Hagino ; aus dem Japanischen von Julia Gstöttner |
| 250 | _aDeutsche Ausgabe, 1. Auflage | ||
| 264 | 1 |
_aHamburg _bAltraverse GmbH _c2019 |
|
| 300 |
_a162 Seiten _c18.5 cm x 12.8 cm |
||
| 336 |
_aunbewegtes Bild _bsti _2rdacontent |
||
| 336 |
_aText _btxt _2rdacontent |
||
| 337 |
_aohne Hilfsmittel zu benutzen _bn _2rdamedia |
||
| 338 |
_aBand _bnc _2rdacarrier |
||
| 490 | 0 | _aGirls love | |
| 583 | 1 |
_aArchivierung/Langzeitarchivierung gewährleistet _c2020 _fPEHH _2pdager _5DE-18 |
|
| 655 | 7 |
_aComic _0(DE-588)4010427-8 _0(DE-627)104377402 _0(DE-576)208887989 _2gnd-content |
|
| 700 | 1 |
_aGstöttner, Julia _eÜbersetzerIn _4trl |
|
| 773 | 1 | 8 |
_w(DE-627)1668471825 _g3 _q3 _7nnam |
| 942 |
_2ddc _cMGA _n0 |
||
| 951 | _aMV | ||
| 999 |
_c1486 _d1486 |
||